[Event "Lueneburg distr-ch U16/18"]
[Site "Lueneburg"]
[Date "2017.10.11"]
[Round "7"]
[White "Badzies, Tobias"]
[Black "Gebauer, Daniel"]
[Result "1/2-1/2"]
[WhiteElo "1231"]
[BlackElo "839"]
[PlyCount "85"]
[EventDate "2017.10.09"]
[EventType "swiss"]
[EventRounds "7"]
[EventCountry "GER"]
[SourceTitle "EXT 2019"]
[Source "ChessBase"]
[SourceDate "2018.10.10"]
[SourceVersion "1"]
[SourceVersionDate "2018.10.10"]
[SourceQuality "1"]

1. d4 d5 2. Nf3 e6 3. c4 c5 4. Nc3 Nf6 5. Bf4 Nc6 6. e3 Ne4 7. Nxe4 dxe4 8. Ne5 Nxe5 9. Bxe5 Qa5+ 10. Qd2 Qxd2+ 11. Kxd2 b6 12. g3 Ba6 13. Rc1 f6 14. Bf4 Rd8 15. Kc3 Bd6 16. Bxd6 Rxd6 17. Bg2 e5 18. Rhd1 exd4+ 19. exd4 f5 20. dxc5 Rxd1 21. Rxd1 bxc5 22. b4 cxb4+ 23. Kxb4 0-0 24. Rd5 Rb8+ 25. Kc5 Rf8 26. Kd6 Bxc4 27. Ra5 Rf7 28. Kc5 Bd3 29. f4 e3 30. Kd4 e2 31. Re5 Rd7+ 32. Kc3 Kf7 33. Bf3 Re7 34. Kd2 g5 35. Rxe7+ Kxe7 36. Bxe2 Bxe2 37. Kxe2 gxf4 38. gxf4 Ke6 39. Ke3 h5 40. h4 a5 41. a3 Kd5 42. Kd3 a4 43. Ke3 1/2-1/2